01526 a2200193 45000010006000000050017000060080041000230030015000640400040000790800040001192450040001592640057001993000043002565050945002990410008012441000025012527000019012777000036012963797320260407155645.0260407a1977 arg spa dAR-UNSa-BCEJYS aAR-UNSa-BCEJYSbspacAR-UNSa-BCEJYS a349.22:331.106xContrato de trabajo10aLey de Contrato de trabjo comentada 1aBuenos Aires :bEdiciones Contabilidad Modernac1977 a2v.(xxvii, 443; 446 - 1163 p.)c23 cm. aVol. I: 1. Disposiciones generales - 2. Del contrato y la relación de trabajo - 3. De los sjetos del contrato de trabajo - 4. De los requisitos esenciales y formales del contrato de trabajo - 5. El objeto del contrato de trabajo - 6. De la formación del contrato de trabajo - 7. De la forma y prueba del contrato de trabajo - 8. Derechos y deberes de las partes - 9. De las modalidades del contrato de trabajo -- Vol. II: 10. De la remuneración del trabajo - 11. De las vacaciones y otras licencias - 12. De los feriados obligatorios y dias no laborables - 13. Trabajo de muijeres - 14. Del trabajo de los menores - 15. De la duración del trabajo y descanso semanal - 16. De la suspensión de ciertos efectos del contrato de trabajo - 17. De la transferencia del contrato de trabajo - 18. De la extinción del contrato de trabajo - 19. De la perscripción y caducidad - 20. De los privilegios - 21. Disposiciones complementarias. aspa1 aCenteno, Norberto O.1 aLópez, Justo1 aFernández Madrid, Juan Carlos